000 05359cam a2200517 i 4500
001 ocn935676667
005 20250205130747.0
006 m o d
007 cr |||||||||||
008 151119s2015 ne a ob 001 0 eng d
015 _aGBB5H1615
_2bnb
016 7 _a017635139
_2Uk
020 _a9780081003046
_q(electronic bk.)
020 _a0081003048
_q(electronic bk.)
020 _a008100303X
_q(Trade Paper)
020 _a9780081003039
020 _z9780081003039
_q(pbk.)
024 3 _a9780081003039
040 _aKO
_beng
041 0 _aeng
082 0 4 _a623.82450287
_223
100 1 _aKaranassos, Harry Alexander,
_eauthor.
245 1 0 _aCommercial ship surveying :
_bon/off hire condition surveys & bunker surveys /
_cHarry Karanassos.
264 1 _aAmsterdam :
_bButterworth-Heinemann,
_c2015.
300 _a1 online resource :
_billustrations
338 _aonline resource
505 0 _aFront Cover; Commercial Ship Surveying: On/Off-Hire Condition Surveys and Bunker Surveys; Copyright; Contents; List of Figures; List of Tables; Acknowledgments; Bimco; CargoTech-Macgrecor; Coolerado; Hamburg Sud; Iacs; Imo; Lloyd's Register Foundation Information Centre Library; Parker-Kittiwake; Rolls Royce; TEC Container; Foreword; Syst�Eme International D'Unites: [SI]; List of Abbreviations and Acronyms; Introduction; Chapter 1: The Shipping Industry; Getting Started: Ship Types; Dry Cargo Ships; Bulk Cargo Ships; Liquid Cargo Ships; Gas Cargo Ships; Special Services Ships.
505 8 _aNovel Design ShipsPassenger Ships; Description of Ship Types: More Details; Dry Cargo Ships: General Cargo Ships; Dry Cargo Ships: Container Ships; Dry Cargo Ships: RO-RO Ships; Dry Cargo Ships: Multipurpose Ships; Dry Cargo Ships: Refrigerated Cargo Ships (Reefers); Dry Cargo Ships: Dry Bulk Carriers; Dry Cargo Ships: OBO Carriers; Special Services Ships: High Speed Crew Boats and Launches; Special Services Ships: Coastal Ships; Special Services Ships: Harbor Motor Tugs; Special Services Ships: Deep Sea Tugs (Figure 15); Special Services Ships: AHTS Vessels (Figures 16 and 17).
505 8 _aSpecial Services Ships: Icebreakers (Figure 18)Special Services Ships: Fishing Vessels; Special Services Ships: Barges (Figure 21); Special Services Ships: Heavy Lift and Semisubmercible Ships; Special Services Ships: Ocean Cruise Ships; Chapter 2: Ship Stability, Freeboard, and Common Terms; Ship Stability; Freeboard and Load Line; Common Terms; Chapter 3: Shipbuilding Basics and Strength of Ships; Shipbuilding Requirements; Forces Acting on a Ship; Forces Acting on a Ship at Sea; Main Structural Parts of a Ship; Ships' Classification Societies and IMO; Classification Societies.
505 8 _aInternational Maritime Organization (IMO)Ship's Certificates; List of Certificates and Documents Required to Be Carried on Board Ships, 2013; Chapter 4: On-Hire and Off-Hire Condition Surveys; GENTIME -The Dry Cargo Time Charter Party; Quote; Unquote; Quote; Unquote; On-Hire/Off-Hire Condition Surveys: An Overview; Personal Safety; Surveyor's Equipment and Tools; Surveys in Drydock; Class Surveys in Drydock; Chapter 5: Case File Management and Commencement of Survey; Receipt of a Survey-Application; Confirming Survey Attendance; Planning and Preparing for the Survey; Commencement of Survey.
505 8 _aRow Description 1 Row Description 2 ; Row Description 3 ; Row Description 4 ; Sequence of Inspection of Ship Parts -- PART 1; Sequence of Inspection of Ship Parts -- PART 2; Coating Breakdown and Corrosion; Chapter 6: Ship Parts: Group 1; Keel; Description; Inspection; Double Bottom; Description; Inspection; Description; Inspection; Bow and Fore End Structure/Stem, Fore Peak Tank, and Hawsepipes; Description; Inspection; Stern and After End Structure, After Peak Tank; Description; Inspection; Stern Frame Rudder; Description; Inspection; Hull Marine Coatings; Description.
520 _aCommercial Ship Surveying: On/Off Hire Condition Surveys and Bunker Surveys provides guidance on the complete survey process, what should be done to prepare, and what constitutes good practice, all completely detailed so that the process can be executed quickly and efficiently. In addition to the surveying process, the book describes supplementary topics, such as the vessels likely encountered, the gear and rigging involved, and the special techniques necessary. The book is well-researched, with plenty of practical examples and photographic references, explaining not only what is expected to happen during surveys, but also how marine surveyors and ships' officers are expected to perform, if, and when, they become involved with this work. Dedicated to detail, this book ensures that the reader clearly understands each step of the surveying process.
504 _aIncludes bibliographical references and index.
650 0 _aShips
_xInspection.
650 0 _aCargo ships.
650 6 _aNavires
_xInspection.
_0(CaQQLa)201-0148643
650 6 _aCargos.
_0(CaQQLa)201-0031928
650 7 _acargo vessels.
_2aat
_0(CStmoGRI)aat300212694
650 7 _aCargo ships.
_2fast
_0(OCoLC)fst00847405
650 7 _aShips
_xInspection.
_2fast
_0(OCoLC)fst01116524
856 _uhttps://www.sciencedirect.com/science/book/9780081003039
904 _aRUDRA_R
905 _aR_RANJAN
942 _2ddc
_cEB
999 _c3370
_d3370